[Event "GER-ch 69th"]
[Site "Gladenbach"]
[Date "1997.11.20"]
[Round "4"]
[White "Rabiega, Robert"]
[Black "Hennings, Artur"]
[Result "1/2-1/2"]
[WhiteElo "2490"]
[BlackElo "2320"]
[EventDate "1997.11.17"]
[PlyCount "53"]

1. e4 e5 2. Nf3 Nc6 3. Bb5 a6 4. Ba4 Nf6 5. O-O Be7 6. Re1 b5 7. Bb3 d6 8. a3 O-O 9. h3 Be6 10. c3 h6 11. d4 exd4 12. cxd4 Bxb3 13. Qxb3 d5 14. e5 Ne4 15. Nbd2 Nxd2 16. Bxd2 Qd7 17. Rac1 Nd8 18. Be3 c6 19. Rc2 Ne6 20. Rec1 Rac8 21. Qd3 a5 22. Nh2 Bg5 23. Nf1 f5 24. exf6 Rxf6 25. Re1 Rd8 26. Qc3 Qf7 27. Qd2 1/2-1/2

[Event "GER-ch 69th"]
[Site "Gladenbach"]
[Date "1997.11.20"]
[Round "4"]
[White "Schwing, Hans Elmar"]
[Black "Keitlinghaus, Ludger"]
[Result "0-1"]
[WhiteElo "2315"]
[BlackElo "2525"]
[EventDate "1997.11.17"]
[PlyCount "74"]

1. d4 f5 2. c4 Nf6 3. Nc3 e6 4. g3 Bb4 5. Bg2 Bxc3+ 6. bxc3 O-O 7. Nf3 d6 8. O-O Nc6 9. Ba3 Ne4 10. Qd3 Qe7 11. Ne1 e5 12. Bxe4 fxe4 13. Qxe4 Bf5 14. Qe3 Na5 15. Qxe5 Qxe5 16. dxe5 Nxc4 17. Bc1 Nxe5 18. Ng2 Bh3 19. Rb1 b6 20. Rd1 Bxg2 21. Kxg2 Nc6 22. e4 Rae8 23. f3 Re5 24. Rd5 Rxd5 25. exd5 Na5 26. Rb4 Rf5 27. Rd4 b5 28. f4 Nc4 29. g4 Rf8 30. Kf3 Kf7 31. Be3 h5 32. Re4 hxg4+ 33. Kxg4 Ra8 34. a4 Re8 35. Rxc4 bxc4 36. Bxa7 Ra8 37. Bd4 Ra5 0-1

[Event "GER-ch 69th"]
[Site "Gladenbach"]
[Date "1997.11.20"]
[Round "4"]
[White "Slobodjan, Roman"]
[Black "Lampe, Dirk"]
[Result "1/2-1/2"]
[WhiteElo "2550"]
[BlackElo "2295"]
[EventDate "1997.11.17"]
[PlyCount "119"]

1. e4 c5 2. Nf3 Nc6 3. d4 cxd4 4. Nxd4 Nf6 5. Nc3 e5 6. Ndb5 d6 7. Bg5 a6 8. Na3 b5 9. Nd5 Be7 10. Bxf6 Bxf6 11. c3 Bb7 12. Nc2 Nb8 13. g3 Nd7 14. Bg2 O-O 15. O-O g6 16. Re1 Bg7 17. Qd2 Nb6 18. Nxb6 Qxb6 19. Red1 Rfd8 20. Nb4 Bc6 21. Qc2 Rab8 22. Bf1 Qb7 23. Bg2 Qb6 24. Rd3 Qb7 25. Re1 Qa8 26. Qd2 Rbc8 27. Bf3 Bf8 28. Nxc6 Rxc6 29. Bd1 Kg7 30. Bb3 Rc7 31. Rf3 f6 32. Kg2 a5 33. a3 Be7 34. Rd3 Qb8 35. Qe2 Rc5 36. Red1 Qc7 37. h4 Qd7 38. Rd5 Rdc8 39. R5d3 R5c6 40. R1d2 Rc5 41. Qd1 R8c7 42. Ba2 a4 43. Qe2 Qc8 44. Rd5 Qd7 45. Rd1 R7c6 46. h5 Rxd5 47. Bxd5 Rc8 48. Rh1 f5 49. hxg6 hxg6 50. exf5 Qxf5 51. Qxb5 e4 52. Kg1 e3 53. Rh2 Rf8 54. f3 Qg5 55. Kg2 Rf5 56. Qe8 Rxd5 57. Qh8+ Kf7 58. Rh7+ Ke6 59. Qc8+ Kf6 60. Qh8+ 1/2-1/2

[Event "GER-ch 69th"]
[Site "Gladenbach"]
[Date "1997.11.20"]
[Round "4"]
[White "Walter, Guenter"]
[Black "Kersten, Uwe"]
[Result "1/2-1/2"]
[WhiteElo "2305"]
[BlackElo "2330"]
[EventDate "1997.11.17"]
[PlyCount "47"]

1. d4 Nf6 2. c4 e6 3. Nc3 Bb4 4. e3 c5 5. Bd3 Nc6 6. Nge2 cxd4 7. exd4 d5 8. cxd5 Nxd5 9. O-O O-O 10. Bc2 Re8 11. Qd3 g6 12. Be3 Bf8 13. a3 Nce7 14. Bg5 Qa5 15. Ne4 Bd7 16. N2c3 Bg7 17. Rfd1 b5 18. Bb3 Qb6 19. Qf3 Rac8 20. Nxd5 Nxd5 21. Bxd5 exd5 22. Nf6+ Bxf6 23. Bxf6 Bg4 24. Qxg4 1/2-1/2

[Event "GER-ch 69th"]
[Site "Gladenbach"]
[Date "1997.11.21"]
[Round "5"]
[White "Bode, Wilfried"]
[Black "Holzhaeuer, Mathias"]
[Result "1/2-1/2"]
[WhiteElo "2400"]
[BlackElo "2355"]
[EventDate "1997.11.17"]
[PlyCount "45"]

1. Nf3 Nf6 2. c4 e6 3. Nc3 Bb4 4. g3 c5 5. Bg2 O-O 6. O-O Nc6 7. a3 Ba5 8. d3 d6 9. Rb1 Rb8 10. Ne1 Bd7 11. Bd2 a6 12. Nc2 b5 13. b4 cxb4 14. axb4 Bc7 15. Bg5 h6 16. Bxf6 Qxf6 17. Ne4 Qe7 18. c5 d5 19. Nc3 a5 20. d4 axb4 21. Na2 Ra8 22. Naxb4 Ra4 23. Nxc6 1/2-1/2

[Event "GER-ch 69th"]
[Site "Gladenbach"]
[Date "1997.11.21"]
[Round "5"]
[White "Buhr, Carl Christian"]
[Black "Walter, Guenter"]
[Result "1-0"]
[WhiteElo "2340"]
[BlackElo "2305"]
[EventDate "1997.11.17"]
[PlyCount "81"]

1. d4 d5 2. c4 e6 3. Nc3 a6 4. cxd5 exd5 5. Nf3 Be7 6. Qb3 c6 7. e4 Nf6 8. e5 Ne4 9. Bd3 Nxc3 10. bxc3 Nd7 11. O-O b5 12. Qb1 Nf8 13. Ne1 Be6 14. f4 g6 15. a4 Rb8 16. axb5 axb5 17. Nc2 f5 18. exf6 Bxf6 19. Nb4 Bd7 20. Re1+ Kf7 21. Ra7 Qb6 22. Qa1 Rb7 23. Ra6 Qc7 24. Qa2 Ne6 25. f5 Nd8 26. Rf1 g5 27. Qe2 Kg7 28. Bb1 Nf7 29. Nd3 Re8 30. Qf3 Ra7 31. Rxa7 Qxa7 32. Nc5 Bc8 33. Ne6+ Kh8 34. Qh5 Rg8 35. Qh3 Qe7 36. Qf3 Nd6 37. Ba3 Qd7 38. Qh5 Ne4 39. Bxe4 dxe4 40. Nf8 Qb7 41. Qh6 1-0

[Event "GER-ch 69th"]
[Site "Gladenbach"]
[Date "1997.11.21"]
[Round "5"]
[White "Dobierzin, Olaf"]
[Black "Oswald, Hans Joachim"]
[Result "0-1"]
[WhiteElo "2180"]
[BlackElo "2330"]
[EventDate "1997.11.17"]
[PlyCount "56"]

1. e4 d5 2. exd5 Nf6 3. d4 Nxd5 4. Nf3 g6 5. c4 Nb6 6. h3 Bg7 7. Nc3 O-O 8. Be3 Nc6 9. Qd2 e5 10. d5 Ne7 11. g4 e4 12. Nxe4 f5 13. Nc5 fxg4 14. Ng5 Nf5 15. Nge6 Bxe6 16. Nxe6 Qf6 17. hxg4 Nxe3 18. fxe3 Qf3 19. Qh2 Qxe3+ 20. Be2 Bc3+ 21. bxc3 Qxc3+ 22. Kd1 Qxa1+ 23. Kc2 Qxa2+ 24. Kc1 Rf7 25. Ng5 Nxc4 26. Bxc4 Qxc4+ 27. Kb2 Qd4+ 28. Kb1 Qb6+ 0-1

[Event "GER-ch 69th"]
[Site "Gladenbach"]
[Date "1997.11.21"]
[Round "5"]
[White "Gietl, Thomas"]
[Black "Slobodjan, Roman"]
[Result "0-1"]
[WhiteElo "2300"]
[BlackElo "2550"]
[EventDate "1997.11.17"]
[PlyCount "102"]

1. e4 e5 2. Nf3 Nc6 3. Bc4 Nf6 4. d4 exd4 5. O-O Bc5 6. c3 Nxe4 7. cxd4 d5 8. dxc5 dxc4 9. Qxd8+ Kxd8 10. Ng5 Nxg5 11. Bxg5+ f6 12. Bf4 Nb4 13. Na3 Nd3 14. Rad1 Bd7 15. Bg3 Nxb2 16. Rd4 Kc8 17. Rc1 Re8 18. f3 b5 19. cxb6 axb6 20. Nxc4 Nxc4 21. Rdxc4 c5 22. Rb4 Re6 23. Rc2 Be8 24. Rbb2 Kd7 25. Rc3 Kc6 26. Rcb3 Kb7 27. Bf2 Ba4 28. Rc3 Kc6 29. Be3 Rd8 30. Kf2 Rd5 31. Rb1 b5 32. Rbc1 c4 33. Re1 Kd7 34. Rec1 Rc6 35. Ke1 g5 36. Kf2 h6 37. h4 Ke6 38. hxg5 hxg5 39. Re1 Kf7 40. Rb1 Kg6 41. g4 Rd8 42. a3 Bb3 43. f4 gxf4 44. Bxf4 Ra6 45. Rh3 Rxa3 46. Rh6+ Kg7 47. Rbh1 Ra2+ 48. Kg3 Rd3+ 49. Kh4 Rf2 50. Bc1 Rg2 51. Bf4 Bd1 0-1

[Event "GER-ch 69th"]
[Site "Gladenbach"]
[Date "1997.11.21"]
[Round "5"]
[White "Gutman, Lev"]
[Black "Bischoff, Klaus"]
[Result "1/2-1/2"]
[WhiteElo "2475"]
[BlackElo "2535"]
[EventDate "1997.11.17"]
[PlyCount "136"]

1. Nf3 Nf6 2. g3 b6 3. Bg2 Bb7 4. O-O e6 5. c4 Be7 6. Nc3 O-O 7. b3 d5 8. cxd5 Nxd5 9. Nxd5 Bxd5 10. Bb2 c5 11. Qc2 Nd7 12. Rac1 Rc8 13. Rfd1 Bf6 14. Bc3 Rc7 15. Qb2 Qa8 16. Bxf6 Nxf6 17. Qe5 Rd7 18. d4 Rfd8 19. Qf4 Be4 20. g4 Bb7 21. g5 Nd5 22. Qg4 Ne7 23. e3 cxd4 24. Rxd4 Bxf3 25. Bxf3 Rxd4 26. Qxd4 Rxd4 27. Bxa8 Rd7 28. Kf1 h6 29. gxh6 g6 30. Rc4 Kh7 31. Ke2 Kxh6 32. b4 Kg7 33. a4 Kf6 34. a5 Nd5 35. Bxd5 Rxd5 36. a6 Rd7 37. e4 Ke5 38. Ke3 g5 39. f3 f6 40. h4 gxh4 41. Rc8 Rh7 42. Rc6 f5 43. f4+ Kf6 44. e5+ Kf7 45. Kf2 h3 46. Kg1 h2+ 47. Kh1 b5 48. Rc7+ Kg6 49. Rb7 Rh4 50. Rxa7 Rxf4 51. Ra8 Rf1+ 52. Kxh2 Ra1 53. a7 Kg7 54. Kg3 Ra4 55. Kf3 Ra3+ 56. Kf4 Ra1 57. Ke3 Ra3+ 58. Kf4 Ra1 59. Rb8 Rxa7 60. Rxb5 Rc7 61. Kg5 Rf7 62. Kf4 Rc7 63. Rb6 Rc4+ 64. Kg5 Rg4+ 65. Kh5 Rg1 66. Rxe6 Kf7 67. Rc6 Ke7 68. b5 Re1 1/2-1/2

[Event "GER-ch 69th"]
[Site "Gladenbach"]
[Date "1997.11.21"]
[Round "5"]
[White "Hennings, Artur"]
[Black "Bastian, Herbert"]
[Result "1/2-1/2"]
[WhiteElo "2320"]
[BlackElo "2375"]
[EventDate "1997.11.17"]
[PlyCount "170"]

1. e4 c5 2. Nc3 e6 3. Nf3 a6 4. g3 Nc6 5. Bg2 d6 6. d4 cxd4 7. Nxd4 Bd7 8. O-O Nf6 9. Nde2 Be7 10. b3 b5 11. Bb2 Rc8 12. Qd2 Qc7 13. a4 b4 14. Nd1 O-O 15. Ne3 Rfd8 16. Rac1 Qb8 17. Rfd1 Ne5 18. Nd4 Qb7 19. f3 Nc6 20. Ne2 Na5 21. Nf4 Bc6 22. Nd3 Rb8 23. Rf1 Nd7 24. Ng4 d5 25. Rce1 Nc5 26. Nxc5 Bxc5+ 27. Kh1 Be7 28. Qf4 d4 29. Rd1 Qb6 30. Rd3 Be8 31. Rfd1 Nc6 32. e5 Qc5 33. Qd2 h5 34. Nf2 Qxe5 35. f4 Qc7 36. Qe2 g6 37. Kg1 Bf6 38. Bxc6 Bxc6 39. Bxd4 Bxd4 40. Rxd4 Rxd4 41. Rxd4 Bd5 42. Nd1 Qc5 43. Qf2 Rc8 44. Rd2 Qc7 45. Qd4 Ba8 46. Ne3 Qb7 47. Nf1 Kh7 48. Kf2 a5 49. Ke1 Rc6 50. Qf6 Rc8 51. h3 Qe4+ 52. Re2 Qf5 53. Qxf5 gxf5 54. Re5 Bd5 55. Kd2 Kh6 56. h4 Kh7 57. Re3 Kg7 58. c4 bxc3+ 59. Rxc3 Rd8 60. Kc1 Kf6 61. Nd2 e5 62. fxe5+ Kxe5 63. Rc5 f4 64. gxf4+ Kxf4 65. Nc4 f5 66. Nxa5 Ke3 67. Rc3+ Ke2 68. Rc2+ Ke1 69. Nc6 Ra8 70. Nd4 f4 71. Re2+ Kf1 72. Re5 Rd8 73. Rxh5 f3 74. Nxf3 Bxf3 75. Re5 Rh8 76. Kb2 Rxh4 77. a5 Kf2 78. Kc3 Kg3 79. b4 Kf4 80. Re7 Kf5 81. Rf7+ Ke4 82. a6 Bg2 83. a7 Ke5 84. Rf8 Rh3+ 85. Kb2 Kd6 1/2-1/2

[Event "GER-ch 69th"]
[Site "Gladenbach"]
[Date "1997.11.21"]
[Round "5"]
[White "Kersten, Uwe"]
[Black "Paehtz, Thomas Jr"]
[Result "1-0"]
[WhiteElo "2330"]
[BlackElo "2135"]
[EventDate "1997.11.17"]
[PlyCount "93"]

1. e4 c5 2. Nf3 d6 3. d4 cxd4 4. Qxd4 a6 5. c4 Nc6 6. Qd2 g6 7. b3 Bg7 8. Bb2 Bxb2 9. Qxb2 Nf6 10. Nc3 O-O 11. Bd3 e5 12. O-O Nh5 13. Nd5 Ne7 14. Nxe7+ Qxe7 15. Rfc1 Nf4 16. Bf1 f5 17. exf5 Bxf5 18. c5 dxc5 19. Qxe5 Qxe5 20. Nxe5 Rac8 21. g3 Nh3+ 22. Kg2 Rce8 23. Rxc5 b6 24. Bc4+ Be6 25. Bxe6+ Rxe6 26. Rc2 Nxf2 27. Nxg6 hxg6 28. Rxf2 Rxf2+ 29. Kxf2 Rc6 30. Re1 Kg7 31. Kf3 Kf6 32. Re2 Kf5 33. h4 Rc3+ 34. Re3 Rc2 35. a4 a5 36. Rd3 Rc6 37. Rd5+ Kf6 38. Kg4 Kg7 39. Kg5 Rc3 40. Rd7+ Kg8 41. g4 Rc6 42. Kh6 Kf8 43. Rb7 Rd6 44. g5 Re6 45. Kh7 Rd6 46. h5 Rd3 47. Kxg6 1-0

[Event "GER-ch 69th"]
[Site "Gladenbach"]
[Date "1997.11.21"]
[Round "5"]
[White "Lampe, Dirk"]
[Black "Teske, Henrik"]
[Result "0-1"]
[WhiteElo "2295"]
[BlackElo "2515"]
[EventDate "1997.11.17"]
[PlyCount "60"]

1. e4 c5 2. Nf3 Nc6 3. d4 cxd4 4. Nxd4 Qc7 5. Nc3 e6 6. Be2 a6 7. Be3 Nf6 8. O-O Bb4 9. Na4 O-O 10. Nxc6 bxc6 11. Nb6 Rb8 12. Nxc8 Rfxc8 13. Bxa6 Re8 14. Bd3 Bd6 15. f4 e5 16. f5 Rxb2 17. g4 h6 18. Kh1 Be7 19. h4 d5 20. g5 dxe4 21. gxf6 exd3 22. fxe7 e4 23. Qg4 Rxc2 24. Rf4 f6 25. Rf2 Rxf2 26. Bxf2 Rxe7 27. Bg3 Qd8 28. Bf4 e3 29. Rg1 e2 30. Bxh6 e1=Q 0-1

[Event "GER-ch 69th"]
[Site "Gladenbach"]
[Date "1997.11.21"]
[Round "5"]
[White "Mueller, Karsten"]
[Black "Lutz, Christopher"]
[Result "1/2-1/2"]
[WhiteElo "2505"]
[BlackElo "2590"]
[EventDate "1997.11.17"]
[PlyCount "104"]

1. e4 c5 2. Nf3 d6 3. d4 cxd4 4. Nxd4 Nf6 5. Nc3 a6 6. Bc4 e6 7. Bb3 b5 8. Bg5 Be7 9. Qf3 Qb6 10. O-O-O Nbd7 11. Be3 Qb7 12. Qg3 b4 13. Nd5 exd5 14. Nf5 Ne5 15. Nxd6+ Bxd6 16. Qxg7 Ng6 17. Qxf6 Qe7 18. Qd4 Be5 19. Qxd5 Bb7 20. Ba4+ Kf8 21. Qa5 Bf4 22. Bxf4 Nxf4 23. f3 Ne6 24. Qb6 Rb8 25. Qf2 Qc5 26. Qh4 Qg5+ 27. Qxg5 Nxg5 28. Rd7 Kg7 29. Rhd1 Bc8 30. Ra7 Ne6 31. Bb3 Re8 32. Rd5 h6 33. Rd6 Kf8 34. Bxe6 Rxe6 35. Rxe6 Bxe6 36. Rxa6 Ke7 37. f4 h5 38. Ra5 h4 39. Rh5 Rg8 40. g3 hxg3 41. hxg3 Rxg3 42. Rb5 Rg4 43. Rxb4 Rxf4 44. a3 Kd6 45. Kd2 Rf2+ 46. Kd3 Kc5 47. c3 Rf3+ 48. Kd2 Bg4 49. a4 Rf2+ 50. Ke3 Rf3+ 51. Kd2 Rf2+ 52. Ke3 Rf3+ 1/2-1/2

[Event "GER-ch 69th"]
[Site "Gladenbach"]
[Date "1997.11.21"]
[Round "5"]
[White "Rabiega, Robert"]
[Black "Dittmar, Peter"]
[Result "1-0"]
[WhiteElo "2490"]
[BlackElo "2325"]
[EventDate "1997.11.17"]
[PlyCount "59"]

1. e4 e6 2. d4 d5 3. Nc3 Bb4 4. exd5 exd5 5. Bd3 Nc6 6. a3 Bxc3+ 7. bxc3 Qf6 8. Rb1 Nge7 9. Ne2 O-O 10. Bf4 b6 11. Bxc7 Bf5 12. Bg3 h5 13. h3 h4 14. Bh2 Qg5 15. Nf4 Na5 16. O-O Rac8 17. Re1 Rxc3 18. Bxf5 Nxf5 19. Nxd5 Rxa3 20. c3 Nc6 21. Bf4 Qd8 22. Ne3 Nxe3 23. Rxe3 Re8 24. Rxe8+ Qxe8 25. d5 Nb8 26. Bxb8 Qxb8 27. d6 Ra5 28. d7 Qd8 29. Qd6 f6 30. f4 1-0

[Event "GER-ch 69th"]
[Site "Gladenbach"]
[Date "1997.11.21"]
[Round "5"]
[White "Schaller, Sven"]
[Black "Miltner, Arndt"]
[Result "1/2-1/2"]
[WhiteElo "2315"]
[BlackElo "2410"]
[EventDate "1997.11.17"]
[PlyCount "118"]

1. c4 e5 2. Nc3 d6 3. g3 Nf6 4. Bg2 Be7 5. Nf3 O-O 6. O-O Re8 7. d3 c6 8. Rb1 a6 9. c5 d5 10. Na4 Nbd7 11. Qc2 Bf8 12. Bg5 Rb8 13. e4 h6 14. Bd2 g6 15. Ne1 dxe4 16. dxe4 Nxc5 17. Nxc5 Bxc5 18. Bxh6 Qb6 19. Nd3 Bd4 20. Kh1 Be6 21. b3 Rbc8 22. h3 Kh7 23. Bg5 Nh5 24. g4 f6 25. Bd2 Ng7 26. f4 Rh8 27. f5 gxf5 28. exf5 Bd5 29. Rbc1 Qb5 30. Nf2 Rcd8 31. Ne4 Ne8 32. Ng3 Kg8 33. Kh2 Rd7 34. Bxd5+ Rxd5 35. a4 Qb6 36. Ne4 Be3 37. a5 Qd4 38. Bc3 Qd3 39. Rf3 Bf4+ 40. Kg2 Qb5 41. Rd1 Rh7 42. Be1 Rhd7 43. Nc3 Qc5 44. Bf2 Rxd1 45. Bxc5 R1d2+ 46. Qxd2 Rxd2+ 47. Kf1 Kg7 48. Ke1 Rd7 49. Ne4 Nc7 50. Ke2 Nd5 51. Rd3 Kf7 52. Kf3 Kg7 53. h4 Rf7 54. Nd6 Rd7 55. Ke4 Kh7 56. Kf3 Rxd6 57. Bxd6 e4+ 58. Kxe4 Bxd6 59. g5 Bb4 1/2-1/2

[Event "GER-ch 69th"]
[Site "Gladenbach"]
[Date "1997.11.21"]
[Round "5"]
[White "Seger, Ruediger"]
[Black "Schmittdiel, Eckhard"]
[Result "0-1"]
[WhiteElo "2340"]
[BlackElo "2450"]
[EventDate "1997.11.17"]
[PlyCount "50"]

1. e4 c5 2. c3 e6 3. d4 d5 4. exd5 exd5 5. Be3 Qb6 6. dxc5 Qxb2 7. Qb3 Qxa1 8. Bb5+ Bd7 9. Bxd7+ Nxd7 10. Nf3 Bxc5 11. O-O Bxe3 12. fxe3 Ngf6 13. Nd4 Nc5 14. Qa3 Nd3 15. Nf5 O-O-O 16. Qxa7 Rhe8 17. Nxg7 Rg8 18. Qa8+ Kc7 19. Qa5+ Kb8 20. Qb6 Ne4 21. Rxf7 Ndc5 22. Ne6 Rd6 23. Qc7+ Ka7 24. Nxc5 Qxb1+ 25. Rf1 Rxg2+ 0-1

[Event "GER-ch 69th"]
[Site "Gladenbach"]
[Date "1997.11.21"]
[Round "5"]
[White "Wahls, Matthias"]
[Black "Luther, Thomas"]
[Result "1-0"]
[WhiteElo "2595"]
[BlackElo "2525"]
[EventDate "1997.11.17"]
[PlyCount "109"]

1. e4 e6 2. d4 d5 3. Nd2 Nf6 4. e5 Nfd7 5. c3 c5 6. Bd3 Nc6 7. Ne2 cxd4 8. cxd4 f6 9. exf6 Nxf6 10. Nf3 Qb6 11. O-O Bd6 12. b3 e5 13. dxe5 Nxe5 14. Nxe5 Bxe5 15. Rb1 O-O 16. Bf4 Bxf4 17. Nxf4 Qd6 18. Qd2 Bd7 19. Rbd1 Rad8 20. g3 Rfe8 21. f3 Qb6+ 22. Qf2 Re3 23. Kh1 Rde8 24. Ng2 Rxd3 25. Rxd3 Bb5 26. Qxb6 axb6 27. Rfd1 Bxd3 28. Rxd3 Re2 29. Nf4 Rxa2 30. Nxd5 Nxd5 31. Rxd5 Ra5 32. Rd4 Rb5 33. b4 Re5 34. Kg1 Re1+ 35. Kf2 Rb1 36. Ke3 Kf7 37. h4 Ke6 38. Kf4 b5 39. Kg5 Rc1 40. Re4+ Kd6 41. Rf4 Ke6 42. Rf5 Rc3 43. g4 b6 44. f4 Rg3 45. Rxb5 h6+ 46. Kh5 g6+ 47. Kxg6 Rxg4+ 48. Kxh6 Rxf4 49. Kg5 Rf1 50. Rxb6+ Ke5 51. Rb5+ Ke6 52. Rc5 Rg1+ 53. Kh5 Rb1 54. b5 Kf6 55. Kg4 1-0

[Event "GER-ch 69th"]
[Site "Gladenbach"]
[Date "1997.11.22"]
[Round "6"]
[White "Bastian, Herbert"]
[Black "Kersten, Uwe"]
[Result "0-1"]
[WhiteElo "2375"]
[BlackElo "2330"]
[EventDate "1997.11.17"]
[PlyCount "94"]

1. e4 e6 2. d4 d5 3. e5 c5 4. c3 Nc6 5. Nf3 Qb6 6. a3 Bd7 7. b4 cxd4 8. cxd4 Rc8 9. Be3 Nh6 10. Bxh6 gxh6 11. Be2 Bg7 12. O-O f6 13. b5 Nxd4 14. Nxd4 fxe5 15. Bh5+ Ke7 16. Ne2 e4 17. Nbc3 Bxc3 18. Nxc3 Rxc3 19. Qd2 Qc5 20. Qxh6 Qd4 21. a4 Qf6 22. Qd2 Rhc8 23. Rae1 R8c4 24. Qa2 Qd4 25. Ra1 Rc5 26. Rad1 Qe5 27. Qe2 Qg5 28. Kh1 Rc2 29. f4 Qh4 30. Rd2 Rxd2 31. Qxd2 Qxh5 32. f5 exf5 33. Qd4 b6 34. Qe5+ Be6 35. Qb8 Qe2 36. Qxa7+ Bd7 37. Rg1 Qd2 38. Qb8 Qb2 39. Qxb6 Rc1 40. Qh6 Rxg1+ 41. Kxg1 Qd4+ 42. Kf1 e3 43. Qxh7+ Kd8 44. Qg8+ Kc7 45. Qg3+ f4 46. Qf3 Qa1+ 47. Ke2 Bg4 0-1

[Event "GER-ch 69th"]
[Site "Gladenbach"]
[Date "1997.11.22"]
[Round "6"]
[White "Hennings, Artur"]
[Black "Gietl, Thomas"]
[Result "1/2-1/2"]
[WhiteElo "2320"]
[BlackElo "2300"]
[EventDate "1997.11.17"]
[PlyCount "91"]

1. e4 d6 2. d4 Nf6 3. Nc3 g6 4. f3 Bg7 5. Be3 c6 6. Qd2 O-O 7. Nge2 b5 8. Bh6 e5 9. h4 Qa5 10. Bxg7 Kxg7 11. h5 b4 12. hxg6 fxg6 13. Nd1 Be6 14. a3 Na6 15. c3 Rab8 16. g4 Ng8 17. dxe5 bxc3 18. Qxc3 Qxe5 19. f4 Qxc3+ 20. Nexc3 Nc5 21. f5 Bb3 22. Nf2 Rfe8 23. Bg2 gxf5 24. gxf5 Nf6 25. O-O Bc2 26. Rae1 Bb3 27. Re3 Kh8 28. Rfe1 Ncd7 29. Nb1 Ne5 30. Nd2 Bf7 31. b4 a5 32. bxa5 Rb2 33. Nf1 Bc4 34. Nh2 Ra8 35. Rc3 Rxa5 36. Nf3 Nfd7 37. Rd1 d5 38. exd5 cxd5 39. Nd4 Nf6 40. Re1 Nfg4 41. Nxg4 Nxg4 42. Rg3 h5 43. Bh3 Nf6 44. Re6 Rb1+ 45. Kh2 Rb2+ 46. Kg1 1/2-1/2

[Event "GER-ch 69th"]
[Site "Gladenbach"]
[Date "1997.11.22"]
[Round "6"]
[White "Lampe, Dirk"]
[Black "Zude, Arno"]
[Result "0-1"]
[WhiteElo "2295"]
[BlackElo "2395"]
[EventDate "1997.11.17"]
[PlyCount "80"]

1. e4 e5 2. Nf3 Nc6 3. Nc3 Nf6 4. Bb5 Bb4 5. O-O O-O 6. d3 Bxc3 7. bxc3 d6 8. Bg5 Qe7 9. Re1 Nd8 10. d4 c6 11. Bf1 Bg4 12. h3 Bh5 13. g4 Bg6 14. Bh4 Qc7 15. dxe5 dxe5 16. Bxf6 gxf6 17. Qc1 Ne6 18. Qh6 Nf4 19. h4 Qd7 20. Nh2 Qd2 21. g5 fxg5 22. Rad1 Qxc3 23. Re3 Qc5 24. Ng4 Qe7 25. Rd7 Qe6 26. Rg3 Kh8 27. Rxb7 Nh5 28. Qxg5 Nxg3 29. fxg3 f6 30. Qh6 Rf7 31. Rxf7 Qxf7 32. Bd3 Qg7 33. Qe3 Bf7 34. Nh6 Be6 35. Kh2 Rb8 36. a4 c5 37. Bb5 c4 38. Kg1 a6 39. Bxa6 Rb2 40. Qc1 Qxg3+ 0-1

[Event "GER-ch 69th"]
[Site "Gladenbach"]
[Date "1997.11.22"]
[Round "6"]
[White "Luther, Thomas"]
[Black "Gisbrecht, Ewgeni"]
[Result "1/2-1/2"]
[WhiteElo "2525"]
[BlackElo "2400"]
[EventDate "1997.11.17"]
[PlyCount "104"]

1. e4 c5 2. Nf3 Nf6 3. Nc3 d5 4. exd5 Nxd5 5. Bb5+ Nc6 6. Ne5 Qd6 7. d4 cxd4 8. Qxd4 Ndb4 9. Qxd6 exd6 10. Nxc6 bxc6 11. Ba4 Bb7 12. Be3 Be7 13. a3 Na6 14. Nd5 Bd8 15. Nb4 Nxb4 16. axb4 Bb6 17. Ra3 O-O 18. Kd2 Bxe3+ 19. Rxe3 a5 20. bxa5 Rxa5 21. b3 c5 22. f3 g6 23. Rd1 Rd8 24. Re7 Bd5 25. Rd7 Rxd7 26. Bxd7 Be6 27. Bxe6 fxe6 28. Kc3 d5 29. Kb2 Kf7 30. c3 Kf6 31. b4 Ra8 32. Rb1 Ke7 33. f4 Kd6 34. Re1 Rf8 35. g3 g5 36. bxc5+ Kxc5 37. fxg5 Rf2+ 38. Kb3 Kd6 39. Rh1 Rg2 40. Kb4 Rb2+ 41. Ka3 Rg2 42. Kb4 e5 43. Rf1 Rb2+ 44. Ka3 Rxh2 45. Rf6+ Kc5 46. Kb3 Rg2 47. g6 Rxg3 48. gxh7 Rh3 49. Re6 e4 50. Re7 Kd6 51. Rg7 d4 52. h8=Q Rxh8 1/2-1/2

[Event "GER-ch 69th"]
[Site "Gladenbach"]
[Date "1997.11.22"]
[Round "6"]
[White "Maiwald, Jens Uwe"]
[Black "Kindermann, Stefan"]
[Result "1/2-1/2"]
[WhiteElo "2450"]
[BlackElo "2570"]
[EventDate "1997.11.17"]
[PlyCount "55"]

1. e4 e6 2. d3 c5 3. g3 Nc6 4. Bg2 g6 5. Nf3 Bg7 6. O-O Nge7 7. Re1 d6 8. c3 O-O 9. d4 cxd4 10. cxd4 Qb6 11. d5 Bxb2 12. Bxb2 Qxb2 13. dxc6 Qxa1 14. Qb3 Nxc6 15. Nc3 Nd4 16. Rxa1 Nxb3 17. axb3 Bd7 18. e5 d5 19. Bh3 Rfd8 20. Nd4 a6 21. f4 h5 22. Kf2 Rac8 23. Nce2 Rc5 24. Ke3 Bb5 25. Nxb5 Rxb5 26. Nd4 Rc5 27. Bf1 Rdc8 28. Kd2 1/2-1/2

[Event "GER-ch 69th"]
[Site "Gladenbach"]
[Date "1997.11.22"]
[Round "6"]
[White "Miltner, Arndt"]
[Black "Buhr, Carl Christian"]
[Result "0-1"]
[WhiteElo "2410"]
[BlackElo "2340"]
[EventDate "1997.11.17"]
[PlyCount "80"]

1. d4 c5 2. d5 Nf6 3. Nc3 e5 4. e4 d6 5. Nf3 Be7 6. Bd3 O-O 7. h3 Ne8 8. Qe2 Kh8 9. g4 a6 10. a4 b6 11. Nd1 Ra7 12. c4 Bd7 13. Ne3 Nc7 14. h4 Rb7 15. g5 b5 16. b3 bxa4 17. bxa4 a5 18. Kf1 Nca6 19. Bd2 Nb4 20. Bb1 Be8 21. h5 Nd7 22. Nf5 Nb6 23. Ra3 g6 24. Nxe7 Qxe7 25. Kg2 Nxa4 26. Nh2 gxh5 27. Qxh5 f5 28. Qh6 f4 29. Ng4 Rg8 30. Qf6+ Qxf6 31. Nxf6 Rxg5+ 32. Kf3 Nb6 33. Nxe8 Nxc4 34. Nxd6 Nxd2+ 35. Ke2 Nxb1 36. Rxa5 Rd7 37. Ra8+ Rg8 38. Rxg8+ Kxg8 39. Nb5 Rb7 40. Nd6 Nc3+ 0-1

[Event "GER-ch 69th"]
[Site "Gladenbach"]
[Date "1997.11.22"]
[Round "6"]
[White "Mueller, Karsten"]
[Black "Wahls, Matthias"]
[Result "0-1"]
[WhiteElo "2505"]
[BlackElo "2595"]
[EventDate "1997.11.17"]
[PlyCount "106"]

1. e4 c5 2. Nf3 d6 3. d4 cxd4 4. Nxd4 Nf6 5. Nc3 a6 6. Bc4 e6 7. Bb3 b5 8. Bg5 Be7 9. Qf3 Qc7 10. e5 Bb7 11. exd6 Bxd6 12. Qe3 Bc5 13. O-O-O Nbd7 14. Bxe6 O-O 15. Bb3 Rae8 16. Qh3 b4 17. Na4 Bd6 18. Kb1 Ne4 19. Be3 Ndf6 20. Rhe1 Bc8 21. Nf5 g6 22. Nh6+ Kg7 23. Qf3 Bb7 24. Qe2 Bf4 25. Ng4 Nxg4 26. Qxg4 Bxe3 27. Rxe3 Qxh2 28. Rh3 Qxg2 29. Qxg2 Nd2+ 30. Kc1 Bxg2 31. Rh4 Bf3 32. Rg1 Nxb3+ 33. axb3 a5 34. Rf4 Bc6 35. Nb6 Re4 36. Rxe4 Bxe4 37. Nc4 Bd5 38. Kd2 Rd8 39. Ke3 a4 40. Nb6 axb3 41. Nxd5 Rxd5 42. cxb3 Re5+ 43. Kf3 Rf5+ 44. Ke3 h5 45. Rh1 Re5+ 46. Kf3 f5 47. Rc1 Re4 48. Kg3 h4+ 49. Kh3 g5 50. Rc6 Rf4 51. Kg2 g4 52. Rb6 h3+ 53. Kg1 Kf7 0-1

[Event "GER-ch 69th"]
[Site "Gladenbach"]
[Date "1997.11.22"]
[Round "6"]
[White "Paehtz, Thomas Jr"]
[Black "Dobierzin, Olaf"]
[Result "0-1"]
[WhiteElo "2135"]
[BlackElo "2180"]
[EventDate "1997.11.17"]
[PlyCount "78"]

1. e4 c5 2. Nf3 Nc6 3. d4 cxd4 4. Nxd4 g6 5. c4 Bg7 6. Be3 d6 7. Nc3 Nf6 8. Be2 O-O 9. O-O Bd7 10. Nc2 Rc8 11. f3 Na5 12. b3 Ng4 13. Bd2 Qb6+ 14. Kh1 Nf2+ 15. Rxf2 Qxf2 16. Be3 Qh4 17. g3 Qf6 18. Nd5 Qe6 19. Nf4 Qe5 20. Nd3 Qf6 21. Bd4 e5 22. Bxa7 Nc6 23. Bb6 Nd4 24. Ne3 Qe6 25. c5 Nxe2 26. Qxe2 Bb5 27. b4 dxc5 28. bxc5 Ra8 29. Qd2 Bxd3 30. Qxd3 Rxa2 31. Rd1 Qh3 32. Nc2 h5 33. Qb3 Rfa8 34. Bc7 R8a3 35. Qc4 Rxf3 36. Kg1 Rf2 37. Kxf2 Qxh2+ 38. Kf3 Rxc2 39. Qf1 h4 0-1